00915nam a22002417a 45000010005000000030006000050050017000110080041000280200018000690400029000870500015001160820012001311000020001432450089001632600043002523000065002954900020003605050008003805200201003885210029005895210020006186500035006389932FISKH20260317122516.0260317b cb ||||| |||| 00| 0 eng d a9780689845451 aFISKHbengcFISKHdFISKH a PZ7 .R245 a823.914 aRedmond , Diane aBob's birthday / cbased on the script by Diane Redmond with thanks to Hot Animation aNew York : bSimon Spotlight , c1999. a24 unnumbered pages : bcolor illustrations ; c20 X 20cm .  aBob the Builder aE  a"Can they surprise Bob? Yes, they can! Poor Bob! He can't understand why nobody has remembered his birthday. Little does he know that Wendy is planning a special surprise birthday party for him." 8 a200 bLexile estimate 8 aE bRaz-Plus  aConstructionvChildren's Books